| 000 | 01170 a2200241 4500 | ||
|---|---|---|---|
| 003 | Nust | ||
| 005 | 20221017103133.0 | ||
| 010 | _a 80010268 | ||
| 020 | _a0471080101 | ||
| 040 | _cNust | ||
| 082 | 0 | 0 | _a005.7565,INM |
| 100 | 1 |
_aAlbrecht, Bob, _9100393 |
|
| 245 | 1 | 0 |
_aMore TRS-80 BASIC / _cBob Albrecht, Don Inman, and Ramon Zamora. |
| 260 |
_aNew York : _bWiley, _cc1981. |
||
| 300 |
_aix, 280 p. : _bill. ; _c24 cm. |
||
| 490 | 0 | _aWiley self-teaching guides | |
| 505 | _aIntroduction (Page-1), A Guided Tour Of Memory (Page-7), Graphics And Supergraphics (Page-35), Introduction To Cassette Data Files (Page-65), More About Cassette Files (Page-89), Disk Operation (Page-105), Using Disk Files (Page-129), Tuning Up Your Computer (Page-157), Special Features And Fancy Functions (Page-181), Graphics And Animation (Page-205), Arithmetic Functions (Page-229), A TRS-80 Art Lesson (Page-251). | ||
| 650 | 0 |
_aBASIC (Computer program language) _xProgrammed instruction. _9100383 |
|
| 650 | 0 |
_aTRS-80 computers _xProgramming _xProgrammed instruction. _9100394 |
|
| 700 | 1 |
_aInman, Don, _9100395 |
|
| 700 | 1 |
_aZamora, Ramon, _9100396 |
|
| 942 |
_2ddc _cBK _k005.7565,INM |
||
| 999 |
_c179990 _d179990 |
||